| 000 | 01018nam a2200325Ia 4500 | ||
|---|---|---|---|
| 003 | OSt | ||
| 005 | 20221006151737.0 | ||
| 006 | a|||||r|||| 00| 0 | ||
| 007 | ta | ||
| 008 | 221006b |||||||| |||| 00| 0 eng d | ||
| 020 | _c£12.50 | ||
| 024 | _a23,205 | ||
| 037 | _cTextual | ||
| 040 |
_aEASL _cEASL _beng |
||
| 041 |
_2eng _aeng |
||
| 082 | _aX8(A)v42.M68, M2 | ||
| 100 | _aMORISHIMA Michio | ||
| 245 | 0 |
_aWhy has Japan 'succeeded'? _b Western technology and the Japanese ethos |
|
| 260 |
_aCambridge _bCambridge University Press _c1982 |
||
| 300 |
_a207p. _ccm. |
||
| 490 | _v JEL | ||
| 500 | _aTranslation in Japanese: Nihon wa seiko shitaka?: Senshu gijutsu to nihonteki shinjo (Acc. No. 1393751) | ||
| 650 |
_a Japan - civilization _9590792 |
||
| 650 | _a Japan - industries - history | ||
| 650 |
_a Meiji revolution _9659910 |
||
| 650 |
_a Taika reform _9659911 |
||
| 650 | _aJEL | ||
| 942 |
_hX8(A)v42.M68, M2 _cTEXL _2CC |
||
| 999 |
_c1091291 _d1091291 |
||